| 000 | 01144nmc a2200373 a 4500 | ||
|---|---|---|---|
| 003 | AR-BaBNM | ||
| 005 | 20251128204702.0 | ||
| 008 | 026119s1987 ||||||||||||||000 | spa|| | ||
| 020 | _a84-7232-416-8 | ||
| 040 | _cAR-BaBNM | ||
| 100 | 1 | _aArguedas, José María | |
| 245 | 1 | 0 | _aLas comunidades de España y del Perú |
| 250 | _a1ª ed. | ||
| 260 |
_aMadrid _bEdiciones Cultura Hispánica del Instituto de Cooperación Iberoamericana _bMinisterio de Agricultura, Pesca y Alimentación _c1987 |
||
| 300 | 0 |
_a343 p. _bil. |
|
| 490 | 0 | _aClásicos agrarios | |
| 500 | 0 | _aContiene referencias bibliográficas en p. 341 | |
| 650 | 4 | _aCOMUNIDADES LOCALES | |
| 650 | 4 | _aZONAS RURALES | |
| 650 | 4 | _aVIDA COMUNITARIA | |
| 650 | 4 | _aANTROPOLOGIA CULTURAL Y SOCIAL | |
| 650 | 4 | _aARTESANIAS | |
| 650 | 4 | _aCULTURAS POPULARES | |
| 650 | 4 | _aSOCIOLOGIA ECONOMICA | |
| 650 | 4 | _aECONOMIA RURAL | |
| 650 | 4 | _aESTADISTICA | |
| 651 | 4 | _aPerú | |
| 651 | 4 | _aEspaña | |
| 700 | 1 |
_aRomero Herrera, Carlos _eprologuista |
|
| 700 | 1 |
_aMurra, John V. _eprologuista |
|
| 700 | 1 |
_aContreras, Jesús _eprologuista |
|
| 942 | _cBK | ||
| 998 | _cMARTIN | ||
| 999 |
_c8414 _d8414 |
||